Statistics for Historical Timeline of Italy

Click here to take the quiz!

General Stats

  • This quiz has been taken 75 times
  • The average score is 20 of 29

Answer Stats

YearHintAnswer% Correct
753 BCAncient R___Ancient Rome
98%
509 BCR____ RepublicRoman Republic
98%
27 BCR____ EmpireRoman Empire
98%
697 - 1797Republic of V_____Republic of Venice
93%
1861Kingdom of I____Kingdom of Italy
90%
831Emirate of S_____Emirate of Sicily
86%
1130Kingdom of S_____Kingdom of Sicily
86%
1115Republic of F_______Republic of Florence
84%
1005Republic of G____Republic of Genoa
84%
535B________ EmpireByzantine Empire
79%
1282Kingdom of N_____Kingdom of Naples
78%
493Ostro______ KingdomOstrogothic Kingdom
74%
768 BCE_______ CivilizationEtruscan Civilization
72%
568Kingdom of the L_______Kingdom of the Lombards
71%
1100Republic of P___Republic of Pisa
71%
754P____ StatesPapal States
69%
1808Kingdom of the Two S_______Kingdom of the Two Sicilies
67%
1324Kingdom of S_______Kingdom of Sardinia
67%
800 BCMagna G______Magna Graecia
64%
1532Grand Duchy of T______Grand Duchy of Tuscany
62%
1395Duchy of M____Duchy of Milan
60%
1797F_____France
59%
962 - 1859Duchy of Spol___Duchy of Spoleto
50%
1100Republic of Si___Republic of Siena
48%
1545Duchy of P____Duchy of Parma
45%
1452Duchy of M_____ & ReggioDuchy of Modena & Reggio
41%
1815Kingdom of L_______-VenetiaKingdom of Lombardy-Venetia
41%
812Duchy of Sa___Duchy of Savoy
36%
958Duchy of A_____Duchy of Amalfi
36%

Score Distribution

Percentile by Number Answered

Percent of People with Each Score

Your Score History

You have not taken this quiz